| 000 | 00927nam a2200289Ia 4500 | ||
|---|---|---|---|
| 003 | OSt | ||
| 005 | 20221005025736.0 | ||
| 006 | a|||||r|||| 00| 0 | ||
| 007 | ta | ||
| 008 | 221004b |||||||| |||| 00| 0 eng d | ||
| 020 |
_a0804746273 _c875.20 |
||
| 024 | _a83349 | ||
| 037 |
_b5986, 30/03/2005, Elite Publishers Distributors _cTextual |
||
| 040 |
_aCRL _cCRL _beng |
||
| 041 |
_2eng _aeng |
||
| 082 | _aR3xN30x, P4 | ||
| 100 | _aDerrida Jacques | ||
| 245 | 0 |
_aFor what tomorrow _b A dialogue tr by Jeff Fort |
|
| 260 |
_aCalifornia _bStanford University Press U. K. _c2004 |
||
| 300 |
_a238p. _ccm. |
||
| 650 | _a PHILOSOPHY | ||
| 650 | _aMETAPHYSICS | ||
| 700 |
_a Fort Jeff Tr. _932098 |
||
| 700 | _a Roudinesco Elisabeth | ||
| 942 |
_hR3xN30x, P4 _cTEXL _2cc |
||
| 999 |
_c935223 _d935223 |
||